INTRODUCTION TO RISK MANAGEMENT AND INSU (Record no. 24582)

MARC details
000 -LEADER
fixed length control field 00377nam a2200145Ia 4500
008 - FIXED-LENGTH DATA ELEMENTS--GENERAL INFORMATION
fixed length control field 240624s9999 xx 000 0 und d
041 ## - LANGUAGE CODE
Language code of text/sound track or separate title eng
082 ## - DEWEY DECIMAL CLASSIFICATION NUMBER
Classification number 658.155 DOR
100 ## - MAIN ENTRY--PERSONAL NAME
Personal name DORFMAN MARK
245 ## - TITLE STATEMENT
Title INTRODUCTION TO RISK MANAGEMENT AND INSU
250 ## - EDITION STATEMENT
Edition statement (10th ed.)
260 ## - PUBLICATION, DISTRIBUTION, ETC.
Date of publication, distribution, etc. 2015
Place of publication, distribution, etc. New Delhi
Name of publisher, distributor, etc. Pearson
300 ## - PHYSICAL DESCRIPTION
Extent xxxi, : 459 : p. : cm. ; 26
365 ## - TRADE PRICE
Currency code RS
Price amount 33
Holdings
Withdrawn status Lost status Damaged status Not for loan Home library Current library Shelving location Date acquired Source of acquisition Cost, normal purchase price Full call number Barcode Date last seen Copy number Price effective from Koha item type
        IMTN IMTN Rack 25-B 09/21/2015 IBH 525.00 658.155 DOR 24582 06/24/2024 1 06/24/2024 Books
Designed & Maintained by: LRC IMT Nagpur Contact: lrc@imtnag.ac.in© 2024. All Rights Reserved.